[Event "SRB-chT3 West CS"]
[Site "Serbia"]
[Date "2017.10.14"]
[Round "9.2"]
[White "Marinkovic, Zoran"]
[Black "Zaric, Slavoljub"]
[Result "1-0"]
[WhiteElo "2245"]
[BlackElo "1607"]
[PlyCount "52"]
[EventDate "2017.09.03"]
[EventType "team-tourn"]
[EventRounds "11"]
[EventCountry "SRB"]
[SourceTitle "EXT 2021"]
[Source "ChessBase"]
[SourceDate "2020.10.23"]
[SourceVersion "1"]
[SourceVersionDate "2020.10.23"]
[SourceQuality "1"]

1. e4 c5 2. Nf3 Nc6 3. Bb5 Qb6 4. Na3 a6 5. Bd3 Nh6 6. Nc4 Qc7 7. a4 b6 8. 0-0 d6 9. Re1 f6 10. c3 Bg4 11. Be2 Nf7 12. Ne3 h5 13. d4 Bxf3 14. Bxf3 e5 15. Nd5 Qa7 16. dxc5 bxc5 17. Bxh5 0-0-0 18. b4 Ng5 19. bxc5 dxc5 20. Rb1 Rd6 21. Bxg5 fxg5 22. Qg4+ Kd8 23. Qxg5+ Ne7 24. Qxe5 Rhh6 25. Qf4 Nxd5 26. Qxf8+ Kc7 1-0

[Event "SRB-CupT Central Serbia"]
[Site "Serbia"]
[Date "2014.05.04"]
[Round "8.6"]
[White "Marinkovic, Zoran"]
[Black "Milutinovic, Stefana"]
[Result "1-0"]
[WhiteElo "2268"]
[BlackElo "2048"]
[PlyCount "69"]
[EventDate "2014.03.23"]
[EventType "team"]
[EventRounds "8"]
[EventCountry "SRB"]
[SourceTitle "EXT 2015"]
[Source "ChessBase"]
[SourceDate "2014.11.20"]
[SourceVersion "1"]
[SourceVersionDate "2014.11.20"]
[SourceQuality "1"]

1. Nf3 c5 2. c4 g6 3. Nc3 Bg7 4. g3 Nf6 5. Bg2 0-0 6. 0-0 Nc6 7. d4 d6 8. d5 Na5 9. Nd2 a6 10. Qc2 Rb8 11. b3 b5 12. Bb2 e5 13. dxe6 Bxe6 14. cxb5 axb5 15. Nce4 c4 16. Bxf6 Bxf6 17. Nxf6+ Qxf6 18. Ne4 Qe5 19. b4 Nc6 20. Qc3 Nd4 21. Rfe1 Bg4 22. f4 Qg7 23. Kf2 Rfe8 24. e3 d5 25. Nd6 Red8 26. Nxf7 Qxf7 27. exd4 g5 28. Re5 h6 29. Kg1 gxf4 30. Rf1 f3 31. Bxf3 Bxf3 32. Rxf3 Qg6 33. Qe3 Ra8 34. Re6 Qg7 35. Rff6 1-0

[Event "SRB-CupT Central"]
[Site "Serbia"]
[Date "2013.04.27"]
[Round "7.7"]
[White "Blagojevic, Nebojsa"]
[Black "Marinkovic, Zoran"]
[Result "1-0"]
[WhiteElo "2324"]
[BlackElo "2262"]
[PlyCount "85"]
[EventDate "2013.03.24"]
[EventType "team-tourn"]
[EventRounds "8"]
[EventCountry "SRB"]
[SourceTitle "EXT 2018"]
[Source "ChessBase"]
[SourceDate "2017.10.13"]
[SourceVersion "1"]
[SourceVersionDate "2017.10.13"]
[SourceQuality "1"]

1. e4 c5 2. Nf3 Nc6 3. d4 cxd4 4. Nxd4 g6 5. c3 Bg7 6. Be3 Nf6 7. f3 0-0 8. Be2 d5 9. Nxc6 bxc6 10. e5 Nd7 11. f4 e6 12. Nd2 c5 13. 0-0 Rb8 14. Qc2 Qb6 15. b4 Qc7 16. b5 Bb7 17. Nb3 f6 18. Bg4 Rbe8 19. exf6 Rxf6 20. Rac1 Bf8 21. Qf2 Bd6 22. Qh4 Qd8 23. Rce1 Qe7 24. Bc1 Nf8 25. Bf3 e5 26. Na5 Ba8 27. c4 e4 28. cxd5 Bxd5 29. Bxe4 Bxe4 30. Rxe4 Re6 31. Qxe7 R8xe7 32. Rxe6 Rxe6 33. Nc4 Bc7 34. Ne3 Kf7 35. f5 Re8 36. Ng4 h5 37. Nh6+ Kg7 38. f6+ Kh7 39. Nf7 Re2 40. Rd1 g5 41. Nxg5+ Kh6 42. h4 c4 43. Rf1 1-0

[Event "SRB-chT2 West CS"]
[Site "Serbia"]
[Date "2011.10.15"]
[Round "9.2"]
[White "Marinkovic, Zoran"]
[Black "Jovanovic, Dusan D"]
[Result "0-1"]
[WhiteElo "2271"]
[BlackElo "2366"]
[PlyCount "96"]
[EventDate "2011.09.11"]
[EventType "team"]
[EventRounds "11"]
[EventCountry "SRB"]
[SourceTitle "EXT 2015"]
[Source "ChessBase"]
[SourceDate "2014.11.20"]
[SourceVersion "1"]
[SourceVersionDate "2014.11.20"]
[SourceQuality "1"]

1. Nf3 Nf6 2. g3 b6 3. Bg2 Bb7 4. b3 e6 5. Bb2 c5 6. 0-0 Be7 7. c4 d6 8. Nc3 a6 9. d4 cxd4 10. Qxd4 Qc7 11. Rfd1 Nbd7 12. Ne1 Rd8 13. Rac1 0-0 14. Rc2 Rfe8 15. Qf4 Bf8 16. Ne4 Nxe4 17. Bxe4 Bxe4 18. Qxe4 f5 19. Qf4 Ne5 20. Nd3 Ng6 21. Qc1 Qc6 22. Nf4 Rc8 23. Nxg6 hxg6 24. Qg5 Kf7 25. Rcd2 b5 26. cxb5 axb5 27. h4 Be7 28. Qf4 Qe4 29. Qxe4 fxe4 30. Ba3 d5 31. Bxe7 Rxe7 32. a4 Rc3 33. Rb1 bxa4 34. bxa4 Ra3 35. Rb4 Ra7 36. Rdd4 Ra2 37. Kf1 Rc7 38. f3 e3 39. Rd1 Rcc2 40. Re1 e5 41. Rb5 Ke6 42. Rb6+ Kf5 43. g4+ Kf4 44. Rxg6 d4 45. Rd6 Rxa4 46. h5 Rd2 47. Rd7 Raa2 48. Rd8 d3 0-1

[Event "SRB-chT Cup"]
[Site "Kragujevac"]
[Date "2010.05.22"]
[Round "5"]
[White "Marinkovic, Zoran"]
[Black "Novoselski, Zoran"]
[Result "0-1"]
[WhiteElo "2270"]
[BlackElo "2432"]
[PlyCount "58"]
[EventDate "2010.05.18"]
[EventType "team-tourn"]
[EventRounds "7"]
[EventCountry "YUG"]
[SourceTitle "CBM 136 Extra"]
[Source "ChessBase"]
[SourceDate "2010.07.02"]
[SourceVersion "2"]
[SourceVersionDate "2010.07.15"]
[SourceQuality "1"]

1. e4 c5 2. Nf3 g6 3. c4 Bg7 4. d4 cxd4 5. Nxd4 Nc6 6. Nb3 a5 7. a4 Nf6 8. Nc3 0-0 9. Be2 d6 10. 0-0 Be6 11. Be3 Rc8 12. c5 d5 13. exd5 Nxd5 14. Nxd5 Qxd5 15. Nd2 Bxb2 16. Rb1 Bd4 17. Bc4 Qd7 18. Qb3 Bf5 19. Rbd1 Bxe3 20. fxe3 Ne5 21. Bd5 Qc7 22. Rc1 Nd3 23. Rc3 Nxc5 24. Qa3 Qb6 25. Nc4 Qb4 26. Rfc1 Nxa4 27. Qxb4 axb4 28. Rb3 Nc5 29. Nb6 Nxb3 0-1

[Event "SRB-chT 1st League"]
[Site "Vrnjacka Banja"]
[Date "2009.09.25"]
[Round "10"]
[White "Jokovic, Dragan"]
[Black "Marinkovic, Zoran"]
[Result "0-1"]
[WhiteElo "2190"]
[BlackElo "2259"]
[PlyCount "86"]
[EventDate "2009.09.19"]
[EventType "team-swiss"]
[EventRounds "11"]
[EventCountry "YUG"]
[SourceTitle "CBM 132 Extra"]
[Source "ChessBase"]
[SourceDate "2009.11.03"]
[SourceVersion "1"]
[SourceVersionDate "2009.11.03"]
[SourceQuality "1"]

1. d4 Nf6 2. Bg5 c5 3. d5 Qb6 4. Nc3 Qxb2 5. Bd2 Qb6 6. e4 e5 7. f4 d6 8. fxe5 dxe5 9. Nf3 Bd6 10. Rb1 Qd8 11. Bb5+ Nfd7 12. a4 a6 13. Be2 Nf8 14. 0-0 Ng6 15. Qe1 0-0 16. h4 Nd7 17. g3 Nf6 18. Bg5 Be7 19. d6 Qxd6 20. Rd1 Qb8 21. Bxf6 Bxf6 22. Nd5 Bd8 23. h5 Ne7 24. h6 Nxd5 25. hxg7 Re8 26. Rxd5 Bh3 27. Rf2 Be6 28. Qd2 Bf6 29. Ng5 Bxg5 30. Qxg5 Bxd5 31. exd5 Qd6 32. Rf6 Qxd5 33. Bd3 Qd4+ 34. Kh2 e4 35. Be2 Qe5 36. Rf5 Qxg7 37. Qf4 Re6 38. Kg2 Rf8 39. Bc4 Rg6 40. Rxc5 Kh8 41. Rc7 Rg8 42. Qxe4 Rxg3+ 43. Kf2 Rg2+ 0-1

[Event "SRB-chT 1st League"]
[Site "Vrnjacka Banja"]
[Date "2009.09.22"]
[Round "6"]
[White "Tomic, Miroslav"]
[Black "Marinkovic, Zoran"]
[Result "0-1"]
[WhiteElo "2050"]
[BlackElo "2259"]
[PlyCount "54"]
[EventDate "2009.09.19"]
[EventType "team-swiss"]
[EventRounds "11"]
[EventCountry "YUG"]
[SourceTitle "CBM 132 Extra"]
[Source "ChessBase"]
[SourceDate "2009.11.03"]
[SourceVersion "1"]
[SourceVersionDate "2009.11.03"]
[SourceQuality "1"]

1. b4 e5 2. Bb2 d6 3. e3 g6 4. Nf3 Bg7 5. Be2 Nh6 6. c4 0-0 7. d3 Re8 8. Nbd2 f5 9. Qc2 Qe7 10. e4 Nc6 11. a3 Nd8 12. 0-0 g5 13. Rfc1 g4 14. Ne1 c5 15. g3 f4 16. Bf1 Ne6 17. Ng2 Rf8 18. Nb3 Ng5 19. Kh1 Nh3 20. Re1 Bd7 21. gxf4 exf4 22. bxc5 dxc5 23. Bxg7 Qxg7 24. e5 Ba4 25. Rab1 g3 26. f3 Nf5 27. Qd2 Qh6 0-1

[Event "SRB-chT 1st League"]
[Site "Vrnjacka Banja"]
[Date "2009.09.20"]
[Round "2"]
[White "Marinkovic, Zoran"]
[Black "Kosanovic, Dragan"]
[Result "0-1"]
[WhiteElo "2259"]
[BlackElo "2314"]
[PlyCount "66"]
[EventDate "2009.09.19"]
[EventType "team-swiss"]
[EventRounds "11"]
[EventCountry "YUG"]
[SourceTitle "CBM 132 Extra"]
[Source "ChessBase"]
[SourceDate "2009.11.03"]
[SourceVersion "1"]
[SourceVersionDate "2009.11.03"]
[SourceQuality "1"]

1. Nf3 c5 2. e4 Nc6 3. Bb5 e6 4. Bxc6 bxc6 5. 0-0 Ne7 6. Re1 Ng6 7. b3 Be7 8. Bb2 0-0 9. Nc3 e5 10. Ne2 d6 11. h3 f5 12. exf5 Bxf5 13. Ng3 Qd7 14. Nh2 Be6 15. d3 Rf7 16. Bc1 Raf8 17. Re2 Bh4 18. Bd2 h6 19. Ne4 Be7 20. Be3 Nh4 21. f3 Nf5 22. Bf2 Nd4 23. Re1 Bf5 24. c3 Ne6 25. Ng3 Nf4 26. Nxf5 Qxf5 27. d4 Qg6 28. Ng4 h5 29. dxe5 hxg4 30. hxg4 dxe5 31. Rxe5 Nd3 32. Re2 Nxf2 33. Rxf2 Bh4 0-1

[Event "SRB-chT2"]
[Site "Golubac"]
[Date "2008.09.21"]
[Round "3"]
[White "Marinkovic, Zoran"]
[Black "Zivkovic, Ivan"]
[Result "1-0"]
[WhiteElo "2269"]
[BlackElo "2308"]
[PlyCount "79"]
[EventDate "2008.09.20"]
[EventType "team-tourn"]
[EventRounds "11"]
[EventCountry "YUG"]
[SourceTitle "EXT 2010"]
[Source "ChessBase"]
[SourceDate "2010.11.25"]
[SourceVersion "1"]
[SourceVersionDate "2010.11.25"]
[SourceQuality "1"]

1. e4 c5 2. Nf3 d6 3. Bb5+ Bd7 4. Bxd7+ Qxd7 5. 0-0 Nf6 6. e5 dxe5 7. Nxe5 Qc7 8. d4 cxd4 9. Bf4 Qb6 10. Nd2 Nc6 11. Re1 e6 12. Qf3 Be7 13. Ne4 Qa6 14. Nxc6 Qxc6 15. Qb3 b5 16. Nd2 Bc5 17. Be5 Nd7 18. Nf3 Nxe5 19. Nxe5 Qb7 20. Nxf7 Qxf7 21. Qxb5+ Qd7 22. Qxc5 Rc8 23. Qf5 Rc6 24. Re2 g6 25. Qe5 0-0 26. Rd1 Rf5 27. Qe4 Rd5 28. Red2 Rcd6 29. Rd3 a5 30. h4 a4 31. Rg3 Qb5 32. b3 a3 33. Rdd3 Kg7 34. h5 Rxh5 35. Rxd4 Re5 36. Qh4 Re1+ 37. Kh2 Qd7 38. Rf3 h6 39. Qf6+ Kh7 40. Qf8 1-0

[Event "SRB-chT2"]
[Site "Golubac"]
[Date "2008.09.20"]
[Round "1"]
[White "Marinkovic, Zoran"]
[Black "Organdziev, Oliver"]
[Result "1/2-1/2"]
[WhiteElo "2269"]
[BlackElo "2274"]
[PlyCount "98"]
[EventDate "2008.09.20"]
[EventType "team-tourn"]
[EventRounds "11"]
[EventCountry "YUG"]
[SourceTitle "EXT 2010"]
[Source "ChessBase"]
[SourceDate "2010.11.25"]
[SourceVersion "1"]
[SourceVersionDate "2010.11.25"]
[SourceQuality "1"]

1. Nf3 d5 2. g3 c6 3. Bg2 Bg4 4. h3 Bxf3 5. Bxf3 Nf6 6. c4 e6 7. Qc2 Nbd7 8. d4 Bb4+ 9. Nd2 Nb6 10. cxd5 exd5 11. 0-0 0-0 12. a3 Bd6 13. e4 dxe4 14. Nxe4 Nxe4 15. Bxe4 h6 16. Rd1 Qf6 17. Qb3 Rfe8 18. Qf3 Qxf3 19. Bxf3 Rad8 20. Bd2 Be7 21. Ba5 Bf6 22. d5 cxd5 23. Bxb6 axb6 24. Bxd5 Re2 25. Rab1 Kf8 26. b3 Ra2 27. a4 Be7 28. Bxb7 Rxd1+ 29. Rxd1 Bc5 30. Rf1 Rb2 31. Bd5 f5 32. Bc4 g6 33. Kg2 Kg7 34. Kf3 g5 35. g4 f4 36. Ke4 Rd2 37. Kf3 Kf6 38. Kg2 Rc2 39. Kf3 Rc3+ 40. Ke4 Rc2 41. Kd5 Bxf2 42. Kc6 Bc5 43. a5 b5 44. Kxc5 bxc4 45. b4 c3 46. Kc4 Ke5 47. Ra1 f3 48. Kd3 Re2 49. a6 c2 1/2-1/2

[Event "Belgrade Winter op"]
[Site "Belgrade"]
[Date "2008.01.26"]
[Round "5"]
[White "Andrijevic, Milan"]
[Black "Marinkovic, Zoran"]
[Result "1-0"]
[WhiteElo "2378"]
[BlackElo "2271"]
[PlyCount "98"]
[EventDate "2008.01.22"]
[EventType "swiss"]
[EventRounds "9"]
[EventCountry "YUG"]
[SourceTitle "CBM 122 Extra"]
[Source "ChessBase"]
[SourceDate "2008.03.04"]
[SourceVersion "1"]
[SourceVersionDate "2008.03.04"]
[SourceQuality "1"]

1. e4 c5 2. Nf3 Nc6 3. d4 cxd4 4. Nxd4 g6 5. Nc3 Bg7 6. Nb3 Nf6 7. Be2 0-0 8. Be3 d6 9. f4 b6 10. 0-0 Bb7 11. Qd2 Nd7 12. Bf3 a5 13. a4 Nc5 14. Qf2 e6 15. Rfd1 Qb8 16. Nb5 Rd8 17. Nxc5 bxc5 18. c3 Ne7 19. Qh4 f6 20. Rd2 Bc6 21. c4 Rd7 22. Qh3 f5 23. Rad1 d5 24. exd5 exd5 25. cxd5 Bxb5 26. axb5 Qxb5 27. d6 Nc6 28. Bd5+ Kh8 29. Be6 Rdd8 30. Bf7 Bd4 31. Bxd4+ Nxd4 32. Bxg6 Qd7 33. Re1 Qg7 34. Bxf5 Rxd6 35. Bb1 Rg8 36. Rf2 Ra6 37. Qc3 Rb6 38. Ba2 c4 39. Bxc4 Rc6 40. Kh1 Rgc8 41. b3 a4 42. Qb4 Qa7 43. Ra2 Nf5 44. Qc3+ Qd4 45. Qxd4+ Nxd4 46. Rxa4 Rb6 47. Ra2 h5 48. Ra5 Rf8 49. Rxh5+ Kg7 1-0

[Event "SRB-chT 1st League"]
[Site "Vrnjacka Banja"]
[Date "2006.10.27"]
[Round "9.4"]
[White "Marinkovic, Zoran"]
[Black "Tosic, Nebojsa"]
[Result "1/2-1/2"]
[WhiteElo "2286"]
[BlackElo "2228"]
[PlyCount "22"]
[EventDate "2006.09.09"]
[EventType "team"]
[EventRounds "11"]
[EventCountry "SRB"]
[SourceTitle "EXT 2012"]
[Source "ChessBase"]
[SourceDate "2011.11.24"]
[SourceVersion "1"]
[SourceVersionDate "2011.11.24"]
[SourceQuality "1"]
[WhiteTeam "Sloboda Uzice"]
[BlackTeam "Pozarevac"]
[WhiteTeamCountry "SRB"]
[BlackTeamCountry "SRB"]

1. e4 c5 2. Nf3 d6 3. Bb5+ Bd7 4. Bxd7+ Qxd7 5. 0-0 Nc6 6. c3 g6 7. d4 cxd4 8. cxd4 Bg7 9. Nc3 Nf6 10. d5 Ne5 11. Ne1 0-0 1/2-1/2

[Event "SRB-chT 1st League"]
[Site "Serbia"]
[Date "2005.09.26"]
[Round "3.3"]
[White "Stankovic, Dragan"]
[Black "Marinkovic, Zoran"]
[Result "1/2-1/2"]
[WhiteElo "2332"]
[BlackElo "2288"]
[PlyCount "25"]
[EventDate "2005.09.25"]
[EventType "team"]
[EventRounds "11"]
[EventCountry "SRB"]
[SourceTitle "EXT 2012"]
[Source "ChessBase"]
[SourceDate "2011.11.24"]
[SourceVersion "1"]
[SourceVersionDate "2011.11.24"]
[SourceQuality "1"]
[WhiteTeam "Smederevska Palanka Jasenica"]
[BlackTeam "Sloboda Bohor"]
[WhiteTeamCountry "SRB"]
[BlackTeamCountry "SRB"]

1. g3 c5 2. Bg2 g6 3. c4 Bg7 4. Nc3 Nc6 5. e4 d6 6. Nge2 e6 7. 0-0 Nge7 8. d3 0-0 9. Rb1 Rb8 10. a3 b6 11. b4 Bb7 12. Bf4 Ne5 13. f3 1/2-1/2